000 00319nam a2200133Ia 4500
005 20251222155104.0
008 251222s9999||||xx |||||||||||||| ||spa||
082 _aREL.79.1
100 _aJUAN PABLO.
245 0 _aEl misterio y el culto de la Eucaristía
250 _a1ra. ed.
264 _bSalesiana
942 _cLIB
999 _c37778
_d37778